|
|
|
|
| LEADER |
00000nam0a2200000 4500 |
| 001 |
328473 |
| 005 |
20231102004050.0 |
| 035 |
|
|
|a (RuTPU)RU\TPU\book\354173
|
| 090 |
|
|
|a 328473
|
| 100 |
|
|
|a 20170217d1972 km y0rusy50 ca
|
| 101 |
0 |
|
|a rus
|
| 102 |
|
|
|a RU
|
| 105 |
|
|
|a a z 001zb
|
| 200 |
1 |
|
|a Сибирский красный генерал
|f В. С. Познанский
|g Академия наук СССР (АН СССР), Сибирское отделение (СО), Институт истории, филологии и философии ; отв. ред. И. М. Разгон
|
| 210 |
|
|
|a Новосибирск
|c Наука
|d 1972
|
| 215 |
|
|
|a 270 с.
|c ил.
|
| 320 |
|
|
|a Именной указатель: с. 239-269
|
| 600 |
|
1 |
|a Таубе
|b А. А.
|c генерал-лейтенант российской армии
|c участник Гражданской войны
|f 1864-1919
|g Александр Александрович
|2 stltpush
|3 (RuTPU)RU\TPU\pers\37877
|9 20568
|
| 606 |
1 |
|
|a Вооруженные силы
|x СССР
|x Персоналии
|2 stltpush
|3 (RuTPU)RU\TPU\subj\3697
|9 32075
|
| 606 |
1 |
|
|a Участники Гражданской войны в России 1918-1920
|x Персоналии
|2 stltpush
|3 (RuTPU)RU\TPU\subj\66240
|9 82452
|
| 610 |
1 |
|
|a Октябрьская социалистическая революция
|
| 610 |
1 |
|
|a генералы
|
| 610 |
1 |
|
|a Сибирь
|
| 610 |
1 |
|
|a Гражданская война 1918-1921
|
| 610 |
1 |
|
|a Советская Армия
|
| 610 |
1 |
|
|a история
|
| 610 |
1 |
|
|a интервенция
|
| 610 |
1 |
|
|a документальная информация
|
| 610 |
1 |
|
|a биографии
|
| 686 |
|
|
|a Ц4,6(2)1д
|v LBC/SL-A
|2 rubbk
|
| 686 |
|
|
|a Т3(2)612,8
|v LBC/SL-A
|2 rubbk
|
| 700 |
|
1 |
|a Познанский
|b В. С.
|g Владимир Семенович
|
| 702 |
|
1 |
|a Разгон
|b И. М.
|4 340
|
| 712 |
0 |
2 |
|a Академия наук СССР (АН СССР)
|b Сибирское отделение (СО)
|b Институт истории, филологии и философии
|c (Новосибирск)
|2 stltpush
|3 (RuTPU)RU\TPU\col\11501
|
| 801 |
|
1 |
|a RU
|b 63413507
|c 20170217
|
| 801 |
|
2 |
|a RU
|b 63413507
|c 20190905
|g RCR
|
| 942 |
|
|
|c BK
|